000
00291nam a22001217a 4500
003
SGT
082
_a
080
_b
C08K
100
_a
कुमार. बी.बी.
245
_a
चिंतन सृजन
260
_b
आस्था भारती
_c
2008
300
_a
110
942
_2
ddc
_c
BK
999
_c
31617
_d
31617